|
|
|
|
| LEADER |
01950nam a2200325 a 4500 |
| 001 |
13536637 |
| 008 |
100608s2006 maua b 001 0 eng d |
| 020 |
|
|
|a 9788177585681
|
| 020 |
|
|
|a 0321149017
|
| 040 |
|
|
|a DLC
|c DLC
|d DLC
|d DB-DhAAL
|
| 082 |
0 |
0 |
|a 621.39/5
|2 22
|
| 100 |
1 |
|
|a Weste, Neil H. E.
|
| 245 |
1 |
0 |
|a CMOS VLSI design :
|b a circuits and systems perspective /
|c Neil H.E. Weste, David Harris.
|
| 250 |
|
|
|a 3rd ed.
|
| 260 |
|
|
|a Boston ;
|a New Delhi :
|b Pearson/Addison-Wesley,
|c c2006.
|
| 300 |
|
|
|a xxiv, 967 p. :
|b ill. ;
|c 24 cm.
|
| 500 |
|
|
|a Revision of: Principles of CMOS VLSI design. 1993.
|
| 504 |
|
|
|a Includes bibliographical references (p. 927-952) and index.
|
| 541 |
1 |
|
|e 00018039
|
| 650 |
|
0 |
|a Integrated circuits
|x Very large scale integration
|x Design and construction.
|
| 650 |
|
0 |
|a Metal oxide semiconductors, Complementary.
|
| 700 |
1 |
|
|a Harris, David Money.
|
| 700 |
1 |
|
|a Weste, Neil H. E.
|t Principles of CMOS VLSI design.
|
| 852 |
4 |
|
|a Ayesha Abed Library
|j General Shelf.
|
| 999 |
|
|
|c 8838
|d 8838
|
| 952 |
|
|
|0 0
|1 0
|2 ddc
|4 0
|6 621_395000000000000_WES_2006
|7 0
|9 10761
|a BRACUL
|b BRACUL
|c GEN
|d 2010-06-09
|l 9
|m 62
|o 621.395 WES
|p 3010018039
|r 2026-05-14
|s 2026-02-03
|t 1
|w 2010-06-09
|y BK
|
| 952 |
|
|
|0 0
|1 0
|2 ddc
|4 0
|6 621_395000000000000_WES_2006
|7 0
|9 10762
|a BRACUL
|b BRACUL
|c GEN
|d 2010-06-09
|l 11
|m 106
|o 621.395 WES
|p 3010018038
|r 2025-10-21
|s 2025-07-24
|t 2
|w 2010-06-09
|y BK
|
| 952 |
|
|
|0 0
|1 0
|2 ddc
|4 0
|6 621_395000000000000_WES_2006
|7 0
|9 10921
|a BRACUL
|b BRACUL
|c GEN
|d 2010-06-13
|l 13
|m 118
|o 621.395 WES
|p 3010018037
|r 2024-05-11
|s 2024-03-25
|t 3
|w 2010-06-13
|y BK
|
| 952 |
|
|
|0 0
|1 0
|2 ddc
|4 0
|6 621_395000000000000_WES_2006
|7 0
|9 21723
|a BRACUL
|b BRACUL
|c GEN
|d 2012-12-30
|e TRIM EDUCATION
|g 725.00
|l 13
|m 170
|o 621.395 WES
|p 3010026407
|r 2026-05-10
|s 2025-09-23
|t 4
|w 2012-12-30
|y BK
|
| 952 |
|
|
|0 0
|1 0
|2 ddc
|4 0
|6 621_395000000000000_WES_2006
|7 0
|9 21724
|a BRACUL
|b BRACUL
|c GEN
|d 2012-12-30
|e TRIM EDUCATION
|g 725.00
|l 13
|m 67
|o 621.395 WES
|p 3010026408
|r 2026-02-22
|s 2026-02-03
|t 5
|w 2012-12-30
|y BK
|